| 000 | 00685nam a22001937a 4500 | ||
|---|---|---|---|
| 003 | BUBTL | ||
| 008 | 210928b ||||| |||| 00| 0 eng d | ||
| 020 | _a9789844450653 | ||
| 082 | _a954.925 / K5262b / 2013 | ||
| 100 |
_94232 _aখাবীরুজজামান, এস এম |
||
| 245 |
_aবঙ্গবন্ধু বাংলাদেশ / _cএস এম খাবীরুজজামান |
||
| 250 | _a1st ed. | ||
| 260 |
_aঢাকা : _bপালক পাবলিশার্স, _cc2013. |
||
| 300 |
_a776 p. : _c24 cm. |
||
| 650 | 0 |
_93574 _aবঙ্গবন্ধু |
|
| 856 |
_k0 _l0 _yDownload |
||
| 942 |
_2ddc _cBK |
||
| 999 |
_c6545 _d6545 |
||